Art in modern culture : (Record no. 5827)
[ view plain ]
| 000 -LEADER | |
|---|---|
| fixed length control field | 01547cam a2200385 a 4500 |
| 001 - CONTROL NUMBER | |
| control field | 4896982 |
| 003 - CONTROL NUMBER IDENTIFIER | |
| control field | OSt |
| 005 - DATE AND TIME OF LATEST TRANSACTION | |
| control field | 20260429171838.0 |
| 008 - FIXED-LENGTH DATA ELEMENTS--GENERAL INFORMATION | |
| fixed length control field | 930720s1992 nyua b 001 0 eng |
| 010 ## - LIBRARY OF CONGRESS CONTROL NUMBER | |
| LC control number | 93179732 |
| 020 ## - INTERNATIONAL STANDARD BOOK NUMBER | |
| International Standard Book Number | 0714828408 |
| Terms of availability | $35.00 ($47.50 Can.) |
| 035 ## - SYSTEM CONTROL NUMBER | |
| System control number | 4896982 |
| 040 ## - CATALOGING SOURCE | |
| Original cataloging agency | DLC |
| Transcribing agency | Foundation University |
| 050 00 - LIBRARY OF CONGRESS CALL NUMBER | |
| Classification number | N 72.S6 |
| Item number | A78 1992 |
| 245 00 - TITLE STATEMENT | |
| Title | Art in modern culture : |
| Remainder of title | an anthology of critical texts / |
| Statement of responsibility, etc. | edited by Francis Frascina and Jonathan Harris. |
| 250 ## - EDITION STATEMENT | |
| Edition statement | 1st U.S. ed. |
| 260 ## - PUBLICATION, DISTRIBUTION, ETC. | |
| Place of publication, distribution, etc. | New York : |
| Name of publisher, distributor, etc. | Icon Editions, HarperCollins, |
| Date of publication, distribution, etc. | c1992. |
| 264 ## - PRODUCTION, PUBLICATION, DISTRIBUTION, MANUFACTURE, AND COPYRIGHT NOTICE | |
| Copyright Date | 1992 |
| 300 ## - PHYSICAL DESCRIPTION | |
| Extent | 341 p. : |
| Other physical details | ill. ; |
| Dimensions | 24 cm. |
| Materials specified | books |
| Type of unit | books |
| 336 ## - CONTENT TYPE | |
| Content type term | text |
| Content type code | txt |
| Source | rdacontent |
| Materials specified | books |
| 337 ## - MEDIA TYPE | |
| Media type term | unmediated |
| Media type code | n |
| Source | rdamedia |
| Materials specified | books |
| 338 ## - CARRIER TYPE | |
| Carrier type term | volume |
| Carrier type code | nc |
| Source | rdacarrier |
| Materials specified | books |
| 500 ## - GENERAL NOTE | |
| General note | "Part of an Open University course, A316: Modern Art: Practices and Debates"--P. 9. |
| 504 ## - BIBLIOGRAPHY, ETC. NOTE | |
| Bibliography, etc. note | Includes bibliographical references and index. |
| 650 #0 - SUBJECT ADDED ENTRY--TOPICAL TERM | |
| Topical term or geographic name entry element | Modernism (Art) |
| 9 (RLIN) | 14030 |
| 650 #0 - SUBJECT ADDED ENTRY--TOPICAL TERM | |
| Topical term or geographic name entry element | Art, Modern |
| Chronological subdivision | 19th century. |
| 9 (RLIN) | 15634 |
| 650 #0 - SUBJECT ADDED ENTRY--TOPICAL TERM | |
| Topical term or geographic name entry element | Art, Modern |
| Chronological subdivision | 20th century. |
| 9 (RLIN) | 11160 |
| 650 #0 - SUBJECT ADDED ENTRY--TOPICAL TERM | |
| Topical term or geographic name entry element | Art and society. |
| 9 (RLIN) | 12701 |
| 700 1# - ADDED ENTRY--PERSONAL NAME | |
| Personal name | Frascina, Francis. |
| 9 (RLIN) | 15737 |
| 700 1# - ADDED ENTRY--PERSONAL NAME | |
| Personal name | Harris, Jonathan |
| Fuller form of name | (Jonathan P.) |
| 9 (RLIN) | 15738 |
| 906 ## - LOCAL DATA ELEMENT F, LDF (RLIN) | |
| a | 7 |
| b | cbc |
| c | orignew |
| d | 2 |
| e | ncip |
| f | 19 |
| g | y-gencatlg |
| 942 ## - ADDED ENTRY ELEMENTS (KOHA) | |
| Source of classification or shelving scheme | Library of Congress Classification |
| Koha item type | Books |
| Classification part | N 72.S6 |
| Item part | .1992 A78 |
| Call number prefix | (DAFA-FA) |
| Withdrawn status | Lost status | Source of classification or shelving scheme | Damaged status | Not for loan | Collection code | Home library | Current library | Shelving location | Date acquired | Source of acquisition | Total Checkouts | Full call number | Barcode | Date last seen | Price effective from | Koha item type | Accession Number |
|---|---|---|---|---|---|---|---|---|---|---|---|---|---|---|---|---|---|
| Library of Congress Classification | Non-fiction | Foundation University Library | Foundation University Library | DoArchitecture & Fine Arts | 04/29/2026 | Donations | (DAFA-FA) N 72.S6 .1992 A78 | 0192026003341 | 04/29/2026 | 04/29/2026 | Books | DAFA-2026341 |
